Six Letter Geography - D - Statistics

General Stats
  • This quiz has been taken 66 times
  • The average score is 8 of 10
Answer Stats
Hint Answer % Correct
US states of North and South Dakota
100%
Coastal capital city of Ireland Dublin
97%
Second largest river in Europe Danube
95%
Capital and largest city of Colorado Denver
95%
Area of landscape with little precipitation Desert
95%
Formerly known as Mount McKinley Denali
90%
Capital of Northern Territory, Australia Darwin
86%
Busiest port in South Africa Durban
76%
Conflicted region of Western Sudan Darfur
70%
Territory over which control is exercised Domain
21%
No matching quizzes found
Score Distribution
Percent of People with Each Score
Percentile by Number Answered
Your Score History
You have not taken this quiz